| 000 | 00517nam a2200169Ia 4500 | ||
|---|---|---|---|
| 005 | 20250923145512.0 | ||
| 008 | 008 250917s9999 xx 000 0 eng d | ||
| 037 | _aTextual | ||
| 040 |
_aDSWL _beng _cDSWL |
||
| 041 |
_aeng _2eng |
||
| 084 |
_aYX;5.2r15, N69 _qDSWL |
||
| 245 | 0 |
_aReports 1969-70 to 1973-74, Hindi _c by Department of Social welfare |
|
| 260 |
_aNew Delhi _bDelhi Ministry of Edu. & S.W. _c1974 |
||
| 365 | _aINR | ||
| 942 |
_cTEXL _hYX;5.2r15, N69 |
||
| 999 |
_c1452126 _d1452126 |
||